000 00493nam a2200181Ia 4500
005 20250508161717.0
008 008 250505s9999 xx 000 0 eng d
037 _aTextual
040 _aFEDL
_beng
_cFEDL
041 _aeng
_2eng
084 _a666.2, ROT
_qFEDL
100 _aRothenberg Policy
_9771430
245 0 _aMetal enameling
260 _aNew York, USA
_bCrown Publishers, Inc.
_c1969
300 _axi,211p
942 _cTEXL
_h666.2, ROT
999 _c1371673
_d1371673